000 00592nam a2200229Ia 4500
003 OSt
005 20220918210443.0
006 a|||||r|||| 00| 0
007 ta
008 220917b |||||||| |||| 00| 0 eng d
024 _a120,594
037 _cTextual
040 _aARTS
_cARTS
_beng
041 _2eng
_aeng
082 _aV73:1958,(Z,3), L8
100 _aTimberlke Charles E
_9118290
245 0 _aDetente
_b a documentary record
260 _c1978
650 _aHISTORY
942 _hV73:1958,(Z,3), L8
_cTEXL
_2CC
999 _c243852
_d243852